00339nam a2200109Ia 4500020001800000082001700018245008300035260004500118650003600163700001600199700001400215 a9780199466863 a320.954 IND; 0aIndia and the unthinkable: backwaters collective on metaphysics and politics I aNew DelhibOxford University Pressc2016 aINDIA - POLITICS AND GOVERNMENT aRajan, Roby aVinay Lal